| 000 | | | 05817nac2a22003973x 450 |
| 001 | | | 8135bd3d-25b2-4fb7-9b95-1cce846a90cb |
| 005 | | | 20240819203335.0 |
| 100 | ## | $a | 20240716l18801881k y0rusy50 ca |
| 101 | 0# | $a | rus |
| | $a | ger |
| 102 | ## | $a | RU |
| 105 | ## | $a | y z ||||| |
| 122 | 2# | $a | d18800221 |
| | $a | d18810430 |
| 200 | 1# | $a | императора Александра III |
| | $j | 21.02.1880 - 30.04.1881 |
| 215 | ## | $a | 30 листов |
| | $d | 31 х 22,5 |
| 251 | ## | $c | Дело |
| 300 | ## | $a | Заголовок дела на папке: Письма Александра III к Михаилу Тариеловичу Лорис-Меликову |
| 300 | ## | $a | На папке дела: 1880-1881 гг. |
| 300 | ## | $a | Листы: 3 - монограмма; 2, 5, 7, 10, 13, 14, 19, 21, 23, 24, 25, 26, 28, 29 - герб; 4, 11, 15 - вензель; 1, 6, 8 - вырезаны [гербы]; 17-18, 19, 20-23, 26-27 - надрывы по краям |
| 300 | ## | $a | Часть текста на немецком языке |
| 300 | ## | $a | Рукописный и типографский текст |
| 325 | ## | $a | Замикрофильмировано |
| 330 | ## | $a | Входит в раздел описи: Письма разных лиц к Лорис-Меликову |
| 461 | #0 | $1 | 001cda3d175-ae4a-411a-8dea-9cc20fb178f6 |
| | $1 | 2001 |
| | $a | Лорис-Меликов Михаил Тариелович, граф, министр внутренних дел, главный начальник "верховной распорядительной комиссии по охранению государственного порядка и общественного спокойствия", генерал от кавалерии |
| | $1 | 251 |
| | $c | Фонд |
| | $1 | 852 |
| | $j | 569 |
| 462 | #0 | $1 | 001163e060a-d7cc-404d-90ee-e28c9801971b |
| | $1 | 2001 |
| | $a | Опись дел фонда М. Т. Лорис-Меликова за 1858-1915 гг. |
| | $v | Д. 143А |
| | $1 | 251 |
| | $c | Опись |
| | $1 | 852 |
| | $j | 1 |
| 517 | 1# | $a | Письма Александра III к Михаилу Тариеловичу Лорис-Меликову |
| 600 | #0 | $a | Александр |
| | $c | имп. |
| | $d | III |
| 600 | #1 | $a | Лорис-Меликов |
| | $b | М. Т. |
| | $g | Михаил Тариелович |
| 605 | ## | $3 | DITM\AF\0000002775 |
| | $a | Власть |
| | $l | коллекция |
| | $2 | acquisition_prlib |
| 610 | 1# | $a | Письма |
| 686 | ## | $a | 63.3(2)535-332ю1 |
| | $c | История |
| | $2 | rubbk |
| 686 | ## | $a | 67.400.6ю1 |
| | $c | Право |
| | $2 | rubbk |
| 700 | #0 | $a | Александр |
| | $c | имп. |
| | $d | III |
| 702 | #1 | $a | Лорис-Меликов |
| | $b | М. Т. |
| | $g | Михаил Тариелович |
| | $4 | 660 |
| 801 | #0 | $a | RU |
| | $b | GA_RF |
| 801 | #1 | $a | RU |
| | $b | ГлавНИВЦ |
| | $c | 20240716 |
| | $2 | rusmarc |
| 801 | #2 | $a | RU |
| | $b | ПБ им. Б.Н. Ельцина |
| | $c | 20240819 |
| | $g | RCR |
| | $2 | rusmarc |
| 852 | ## | $a | ГА РФ |
| | $j | 143 |
| | $l | А |
| 937 | ## | $d | 193624822 |
| | $h | ГАРФ |
| 035 | ## | $a | RuPRLIB51076501 |
| 856 | ## | $u | http://readingroom.main.prlib.ru/item.aspx?id_node=n193624822&mode=full |